Fastest Typing to 101 - Statistics

General Stats
  • This quiz has been taken 635 times
  • The average score is 57 of 101
Answer Stats
Hint1 Answer % Correct
1 1
100%
1 2
95%
1 3
93%
1 4
90%
1 5
88%
1 6
88%
1 8
87%
1 11
86%
1 7
86%
1 9
86%
1 10
85%
1 12
81%
1 13
79%
1 14
79%
1 15
79%
1 16
79%
1 17
78%
1 18
77%
1 19
77%
1 21
75%
1 22
75%
1 20
73%
1 23
73%
1 24
73%
1 25
72%
1 27
72%
11 28
72%
1 29
72%
1 26
71%
1 33
70%
1 30
69%
1 31
69%
1 32
69%
1 34
68%
1 35
67%
1 37
67%
1 36
65%
1 38
65%
1 39
65%
1 41
65%
1 40
64%
1 44
64%
1 42
63%
1 43
63%
1 45
62%
1 46
60%
1 50
60%
1 47
59%
1 48
59%
1 51
59%
1 52
59%
1 49
58%
1 53
58%
1 54
56%
1 55
55%
1 56
55%
1 57
54%
1 58
53%
1 59
53%
1 62
52%
1 60
51%
1 61
51%
1 63
50%
1 64
49%
1 65
48%
1 66
47%
1 67
46%
1 68
43%
1 69
43%
1 72
43%
1 70
42%
1 71
42%
1 73
42%
1 75
42%
1 74
41%
1 76
41%
1 77
40%
1 78
40%
1 79
37%
1 82
35%
1 80
34%
1 81
34%
1 83
34%
1 85
33%
1 84
32%
1 86
30%
1 93
30%
1 95
30%
1 89
29%
1 92
29%
1 94
29%
1 87
28%
1 88
28%
1 90
27%
1 91
27%
1 97
27%
1 96
26%
1 98
26%
1 99
25%
1 100
24%
1 101
24%
No matching quizzes found
Score Distribution
Percent of People with Each Score
Percentile by Number Answered
Your Score History
You have not taken this quiz